|
|
|
|
| LEADER |
00000nab a2200000 a 4500 |
| 001 |
vtls010189213 |
| 003 |
SK-MaSNL |
| 005 |
20260304160051.0 |
| 008 |
250507c2010 xo mr|p|||an |000 b|slo |
| 015 |
|
|
|a SNBRB2010/11
|
| 035 |
|
|
|a (uuid)fc80d85c-103e-47b0-90e7-7b4ea6f42a96
|
| 035 |
|
|
|a urn:nbn:sk:snk-abd5xq
|
| 035 |
|
|
|a (urnnbn)urn:nbn:sk:snk:ar-007fxg
|
| 038 |
|
|
|a SPK
|
| 040 |
|
|
|a SNKBUCL
|b slo
|c SNKBUCL
|e AACR2
|
| 041 |
0 |
|
|a slo
|b slo
|
| 044 |
|
|
|a xo
|c SK
|
| 072 |
|
7 |
|a 613
|x Hygiena. Ľudské zdravie
|2 konspekt
|
| 072 |
|
7 |
|a 621.39
|x Oznamovacia technika
|2 konspekt
|
| 080 |
|
|
|a 613.81/.84
|2 2001
|
| 080 |
|
|
|a 621.39+004.7
|2 2001
|
| 100 |
1 |
|
|a Hupková, Ingrid
|4 aut
|9 12131
|
| 245 |
1 |
0 |
|a Sú tzv. závislosti na komunikačných technológiách závažným novodobým problémom?
|c Ingrid Hupková
|
| 504 |
|
|
|a Bibliogr. odkazy
|
| 546 |
|
|
|a Res. slov.
|
| 650 |
0 |
7 |
|a nelátkové závislosti
|2 snkbucl
|9 753774
|
| 650 |
0 |
7 |
|a komunikačné technológie
|2 snkbucl
|9 1529
|
| 773 |
0 |
|
|t Vychovávateľ
|g Roč. LIX, č. 3 (2010), s. 10-14
|x 0139-6919
|
| 850 |
|
|
|a Slovenská národná knižnica
|
| 852 |
|
|
|a Slovenská národná knižnica
|
| 954 |
|
|
|a odborná, vedecká literatúra pôvodná (slovenská)
|2 lita
|
| 958 |
|
|
|a article17
|
| 958 |
|
|
|a NB
|2 spk
|
| 958 |
|
|
|a OND
|
| 958 |
|
|
|a EUIPO
|
| 999 |
|
|
|c 2965327
|d 2967257
|